[Event "SB-2016-0-00459"]
[Site "LSS email"]
[Date "2016.08.11"]
[Round "?"]
[White "Pilgram, Kurt"]
[Black "Stepanov, Konstantin"]
[Result "1-0"]
[WhiteElo "2027"]
[BlackElo "1893"]
[PlyCount "85"]
[EventDate "2016.07.02"]
[EventType "tourn (corr)"]
[EventRounds "6"]
[EventCountry "GER"]
[SourceTitle "Corr 2022"]
[Source "ChessBase"]
[SourceDate "2021.10.24"]
[SourceVersion "1"]
[SourceVersionDate "2021.10.24"]
[SourceQuality "1"]

1. d4 Nf6 2. c4 e6 3. Nf3 b6 4. g3 Ba6 5. b3 Bb4+ 6. Bd2 Be7 7. Bg2 c6 8. 0-0 d5 9. Nc3 0-0 10. Bf4 Nbd7 11. Qd3 Rc8 12. Rfd1 c5 13. a4 cxd4 14. Nb5 Bb7 15. Qxd4 Bc5 16. Qb2 Ne4 17. Nfd4 Nxf2 18. Kxf2 e5 19. Nxa7 Ra8 20. Nab5 exf4 21. b4 fxg3+ 22. hxg3 Ne5 23. bxc5 bxc5 24. Nf3 Nxc4 25. Qc1 Qe7 26. Re1 f5 27. e3 Ra6 28. Bf1 Kh8 29. Na3 Rg6 30. Nxc4 dxc4 31. Be2 Bxf3 32. Bxf3 Qe5 33. Rg1 Rb6 34. Ra2 c3 35. a5 Rb2+ 36. Rxb2 cxb2 37. Qc2 Re8 38. Re1 Re6 39. Rb1 Rg6 40. Qxb2 Qxg3+ 41. Ke2 Qh2+ 42. Kd3 c4+ 43. Kxc4 1-0

[Event "SB-2016-0-00459"]
[Site "LSS email"]
[Date "2016.08.11"]
[Round "?"]
[White "Stepanov, Konstantin"]
[Black "Dreisch, Juergen"]
[Result "1-0"]
[WhiteElo "1893"]
[BlackElo "1998"]
[PlyCount "65"]
[EventDate "2016.07.02"]
[EventType "tourn (corr)"]
[EventRounds "6"]
[EventCountry "GER"]
[SourceTitle "Corr 2022"]
[Source "ChessBase"]
[SourceDate "2021.10.24"]
[SourceVersion "1"]
[SourceVersionDate "2021.10.24"]
[SourceQuality "1"]

1. d4 f5 2. Nf3 d6 3. g3 g6 4. Bg2 Bg7 5. 0-0 Nf6 6. c4 0-0 7. Nc3 c6 8. Rb1 Na6 9. b4 Nc7 10. b5 Ne4 11. Qc2 cxb5 12. cxb5 a6 13. a4 axb5 14. axb5 Nxc3 15. Qxc3 e6 16. Qc4 h6 17. Bd2 Kh7 18. Rfc1 Nd5 19. e3 Bd7 20. Qb3 Qb6 21. Bf1 Rfe8 22. Bc4 Nf6 23. Bb4 Ne4 24. h4 d5 25. Bd3 Rec8 26. Rxc8 Rxc8 27. Ra1 Qd8 28. Qa2 Nc3 29. Qa5 Qxa5 30. Rxa5 Ne4 31. Ra7 Rc1+ 32. Kg2 Bxb5 33. Ba3 1-0

[Event "RB-2016-0-00319"]
[Site "LSS email"]
[Date "2016.07.11"]
[Round "?"]
[White "Stepanov, Konstantin"]
[Black "Van Gysel, Marc"]
[Result "1/2-1/2"]
[WhiteElo "1911"]
[BlackElo "1978"]
[PlyCount "44"]
[EventDate "2016.04.25"]
[EventType "tourn (corr)"]
[EventRounds "6"]
[EventCountry "GER"]
[SourceTitle "Corr 2022"]
[Source "ChessBase"]
[SourceDate "2021.10.24"]
[SourceVersion "1"]
[SourceVersionDate "2021.10.24"]
[SourceQuality "1"]

1. d4 Nf6 2. c4 e6 3. g3 c5 4. d5 exd5 5. cxd5 d6 6. Bg2 g6 7. Nf3 Bg7 8. 0-0 b5 9. e4 0-0 10. e5 dxe5 11. Nxe5 Bb7 12. Nc6 Qd7 13. Nc3 Nxc6 14. dxc6 Bxc6 15. Qxd7 Bxd7 16. Bxa8 Rxa8 17. a3 Bc6 18. Re1 a5 19. Bf4 b4 20. axb4 cxb4 21. Na4 Nd7 22. Re2 Bb5 1/2-1/2

[Event "SB-2016-0-00449"]
[Site "LSS email"]
[Date "2016.05.19"]
[Round "?"]
[White "Stancl, Vladimir"]
[Black "Stepanov, Konstantin"]
[Result "1/2-1/2"]
[WhiteElo "1963"]
[BlackElo "1938"]
[PlyCount "172"]
[EventDate "2016.03.15"]
[EventType "tourn (corr)"]
[EventRounds "6"]
[EventCountry "GER"]
[SourceTitle "Corr 2022"]
[Source "ChessBase"]
[SourceDate "2021.10.24"]
[SourceVersion "1"]
[SourceVersionDate "2021.10.24"]
[SourceQuality "1"]

1. d4 Nf6 2. c4 e6 3. Nc3 Bb4 4. e3 0-0 5. Bd3 d5 6. Nf3 c5 7. 0-0 dxc4 8. Bxc4 Nbd7 9. a3 cxd4 10. axb4 dxc3 11. bxc3 Qc7 12. Be2 Nd5 13. Ba3 N7b6 14. Rc1 Nc4 15. Bxc4 Qxc4 16. Nd2 Qd3 17. Nb3 Qc4 18. Na5 Qc7 19. Qf3 f5 20. Rfd1 Nf6 21. c4 Ne4 22. Qe2 Bd7 23. b5 Rfd8 24. Nb3 Be8 25. f3 Rxd1+ 26. Qxd1 Rd8 27. Qc2 Nf6 28. Bb2 Bf7 29. Qc3 a6 30. Nd4 axb5 31. Nxb5 Qd7 32. Qb4 Qd3 33. Re1 h6 34. Bd4 Ra8 35. Nd6 Ra2 36. Qc3 Qxc3 37. Bxc3 Ne8 38. Nxf7 Rc2 39. Nxh6+ gxh6 40. Be5 Rxc4 41. Rb1 Nc7 42. Rxb7 Nd5 43. Rb3 Kf7 44. h3 h5 45. h4 Rc1+ 46. Kh2 Rc4 47. Kh3 Rc2 48. Rb7+ Kg6 49. Rg7+ Kh6 50. Rg5 Re2 51. Bd6 Rxe3 52. Bf8+ Kh7 53. Rxh5+ Kg6 54. Rg5+ Kf7 55. Bh6 Re1 56. Kh2 Re2 57. Rg7+ Kf6 58. Rg3 Kf7 59. h5 e5 60. Rg7+ Kf6 61. Ra7 Ne3 62. Ra6+ Kf7 63. Bxe3 Rxe3 64. Kg3 Rc3 65. Ra5 Kf6 66. Kh4 f4 67. Ra6+ Kf5 68. Ra8 Rc1 69. Rf8+ Ke6 70. Kg5 Rg1 71. Re8+ Kf7 72. Rxe5 Rxg2+ 73. Kxf4 Ra2 74. Kg4 Rb2 75. f4 Ra2 76. h6 Kg6 77. Rh5 Kh7 78. f5 Rb2 79. Rh1 Ra2 80. Kg5 Rb2 81. Rg1 Ra2 82. Re1 Rg2+ 83. Kf6 Ra2 84. Re8 Rb2 85. Re3 Ra2 86. Rh3 Rb2 1/2-1/2

[Event "SB-2016-0-00449"]
[Site "LSS email"]
[Date "2016.05.17"]
[Round "?"]
[White "Hermans, Marcel"]
[Black "Stepanov, Konstantin"]
[Result "0-1"]
[WhiteElo "1872"]
[BlackElo "1938"]
[PlyCount "120"]
[EventDate "2016.03.15"]
[EventType "tourn (corr)"]
[EventRounds "6"]
[EventCountry "GER"]
[SourceTitle "Corr 2022"]
[Source "ChessBase"]
[SourceDate "2021.10.24"]
[SourceVersion "1"]
[SourceVersionDate "2021.10.24"]
[SourceQuality "1"]

1. c4 e5 2. Nc3 Nf6 3. Nf3 Nc6 4. g3 d5 5. cxd5 Nxd5 6. Bg2 Nb6 7. 0-0 Be7 8. a3 0-0 9. b4 Be6 10. Rb1 f6 11. d3 a5 12. b5 Nd4 13. Nd2 Qc8 14. e3 Nf5 15. Qc2 a4 16. Rd1 Rd8 17. Bb2 Nd6 18. Ba1 Kh8 19. Qc1 Nf7 20. Bf1 Ng5 21. h4 Nh3+ 22. Kg2 g5 23. hxg5 Nxg5 24. Nce4 Bd5 25. f4 Nf7 26. Kh2 Qg4 27. Re1 Rg8 28. Qxc7 Bd8 29. Qc1 Qh5+ 30. Bh3 Be6 31. Nf2 Bxh3 32. Nxh3 Nh6 33. fxe5 Ng4+ 34. Kg2 fxe5 35. Nf1 Nd7 36. Qd1 Ba5 37. Re2 Ndf6 38. d4 Ne4 39. dxe5 Bc3 40. Nf4 Qxe5 41. Qc1 Raf8 42. Bb2 Rf6 43. Kg1 Bxb2 44. Rbxb2 Qf5 45. Rb4 Ne5 46. Rxa4 Nxg3 47. Nxg3 Rxg3+ 48. Rg2 Rxg2+ 49. Kxg2 Rf8 50. Qd1 Qg5+ 51. Kf1 Rg8 52. Qh5 Qg1+ 53. Ke2 Ng4 54. Qd5 Qf2+ 55. Kd3 Qxe3+ 56. Kc2 Ne5 57. Qd1 Rf8 58. Nd5 Rf2+ 59. Kb1 Qh3 60. Rf4 Nf3 0-1

[Event "SB-2016-0-00449"]
[Site "LSS email"]
[Date "2016.05.17"]
[Round "?"]
[White "Stepanov, Konstantin"]
[Black "Kolanek, Roman"]
[Result "1/2-1/2"]
[WhiteElo "1938"]
[BlackElo "2102"]
[PlyCount "83"]
[EventDate "2016.03.15"]
[EventType "tourn (corr)"]
[EventRounds "6"]
[EventCountry "GER"]
[SourceTitle "Corr 2022"]
[Source "ChessBase"]
[SourceDate "2021.10.24"]
[SourceVersion "1"]
[SourceVersionDate "2021.10.24"]
[SourceQuality "1"]

1. d4 d5 2. c4 c6 3. Nf3 Nf6 4. Nc3 dxc4 5. a4 e6 6. e3 Be7 7. Bxc4 0-0 8. 0-0 c5 9. Qe2 cxd4 10. Rd1 Nc6 11. exd4 Nd5 12. Bd2 Ncb4 13. Rac1 Bd7 14. Ne5 Bc6 15. Nxc6 bxc6 16. Ne4 a5 17. b3 Qb6 18. Be1 Rfd8 19. g3 h6 20. Kh1 Nf6 21. Nc5 Nbd5 22. f3 Re8 23. Bf2 Nb4 24. Qb2 Qa7 25. Kg2 Rad8 26. Qe2 Bd6 27. Ne4 Nfd5 28. Kh1 Be7 29. Kg2 Rb8 30. Qb2 Bd8 31. Nd6 Rf8 32. Be2 Bf6 33. Nc4 c5 34. Ne5 cxd4 35. Qxd4 Qb7 36. Rc5 Nc6 37. Rxc6 Bxe5 38. Qc4 Bf6 39. Rc5 Qxb3 40. Qxb3 Rxb3 41. Bc4 Rb2 42. Bxd5 1/2-1/2

[Event "SB-2016-0-00449"]
[Site "LSS email"]
[Date "2016.05.17"]
[Round "?"]
[White "Stepanov, Konstantin"]
[Black "Owens, Johnny"]
[Result "1-0"]
[WhiteElo "1938"]
[BlackElo "1600"]
[PlyCount "31"]
[EventDate "2016.03.15"]
[EventType "tourn (corr)"]
[EventRounds "6"]
[EventCountry "GER"]
[SourceTitle "Corr 2022"]
[Source "ChessBase"]
[SourceDate "2021.10.24"]
[SourceVersion "1"]
[SourceVersionDate "2021.10.24"]
[SourceQuality "1"]

1. d4 e6 2. Nf3 Nf6 3. c4 Bb4+ 4. Bd2 Bxd2+ 5. Qxd2 b6 6. Nc3 Bb7 7. e3 Qe7 8. Be2 0-0 9. 0-0 d6 10. d5 Nbd7 11. Rac1 a5 12. Rfd1 Nc5 13. Qc2 e5 14. b3 c6 15. e4 Qc7 16. a3 1-0

[Event "RB-2016-0-00313"]
[Site "LSS email"]
[Date "2016.04.01"]
[Round "?"]
[White "Almeraya, Eduardo"]
[Black "Stepanov, Konstantin"]
[Result "1-0"]
[WhiteElo "2030"]
[BlackElo "1938"]
[PlyCount "69"]
[EventDate "2016.01.29"]
[EventType "tourn (corr)"]
[EventRounds "6"]
[EventCountry "GER"]
[SourceTitle "Corr 2022"]
[Source "ChessBase"]
[SourceDate "2021.10.24"]
[SourceVersion "1"]
[SourceVersionDate "2021.10.24"]
[SourceQuality "1"]

1. Nf3 Nf6 2. d4 g6 3. c4 Bg7 4. Nc3 0-0 5. e4 d6 6. Be2 e5 7. d5 a5 8. 0-0 Na6 9. Bg5 h6 10. Be3 Ng4 11. Bd2 f5 12. Ne1 Nf6 13. f3 f4 14. Nd3 Nb4 15. Nf2 Na6 16. a3 Nh5 17. b4 Ng3 18. hxg3 fxg3 19. Nh1 Qh4 20. Nxg3 Qxg3 21. c5 Bh3 22. Rf2 Bd7 23. c6 bxc6 24. dxc6 Be6 25. Qf1 Bc8 26. Bxa6 Bxa6 27. b5 Bc8 28. Nd5 Rf7 29. b6 cxb6 30. c7 Ra7 31. Rc1 Rb7 32. Qb5 Kh7 33. Qe8 Rf8 34. Nf6+ Kh8 35. Qd8 1-0

[Event "OP-2016-0-03998"]
[Site "LSS email"]
[Date "2016.03.28"]
[Round "?"]
[White "Neumann, Frank"]
[Black "Stepanov, Konstantin"]
[Result "0-1"]
[WhiteElo "467"]
[BlackElo "1938"]
[PlyCount "54"]
[EventDate "2016.03.22"]
[EventType "tourn (corr)"]
[EventRounds "4"]
[EventCountry "GER"]
[SourceTitle "Corr 2022"]
[Source "ChessBase"]
[SourceDate "2021.10.24"]
[SourceVersion "1"]
[SourceVersionDate "2021.10.24"]
[SourceQuality "1"]

1. b4 e5 2. e3 Bxb4 3. Bb2 d6 4. Nf3 Nf6 5. Be2 0-0 6. 0-0 c5 7. a3 Ba5 8. c4 Nc6 9. d4 cxd4 10. exd4 Bg4 11. dxe5 dxe5 12. Qxd8 Raxd8 13. h3 Bxf3 14. Bxf3 Rfe8 15. Bxc6 bxc6 16. Bc3 Bb6 17. Nd2 Rd3 18. Rfc1 Bd4 19. Bxd4 exd4 20. Nf3 c5 21. a4 Ne4 22. Re1 Kf8 23. a5 Rc3 24. Ra4 d3 25. Rd1 Rd8 26. Ne5 d2 27. Nc6 Rc1 0-1

[Event "LSS No Engine Cup 121 Preliminary 0"]
[Site "LSS email"]
[Date "2014.11.13"]
[Round "?"]
[White "Schnoewitz, Brigitte"]
[Black "Stepanov, Konstantin"]
[Result "0-1"]
[WhiteElo "1497"]
[BlackElo "2079"]
[PlyCount "78"]
[EventDate "2014.11.14"]
[EventType "tourn (corr)"]
[EventRounds "6"]
[EventCountry "GER"]
[SourceTitle "Corr 2022"]
[Source "ChessBase"]
[SourceDate "2021.10.24"]
[SourceVersion "1"]
[SourceVersionDate "2021.10.24"]
[SourceQuality "1"]

1. d4 Nf6 2. Nf3 g6 3. e3 d6 4. c4 Bg7 5. Nc3 0-0 6. Bd3 c6 7. 0-0 Nbd7 8. e4 e5 9. d5 Nc5 10. Bc2 cxd5 11. cxd5 Qc7 12. h3 a5 13. Be3 Bd7 14. Rc1 b5 15. a3 Rfc8 16. b4 axb4 17. axb4 Na4 18. Nxa4 bxa4 19. Bd3 Qb7 20. Rxc8+ Rxc8 21. Qb1 Rc3 22. b5 Rb3 23. Qc2 Bxb5 24. Bxb5 Qxb5 25. Qc8+ Bf8 26. Bh6 Qe8 27. Qxe8 Nxe8 28. Bxf8 Kxf8 29. Nd2 Rd3 30. Nc4 Rd4 31. Nb6 Rb4 32. Nc8 Rxe4 33. Rb1 a3 34. Ra1 Ra4 35. Kf1 a2 36. f3 Rc4 37. Na7 Rc2 38. Nc6 Rb2 39. Rxa2 Rxa2 0-1

[Event "CP-2014-P-00066"]
[Site "LSS email"]
[Date "2014.09.30"]
[Round "?"]
[White "Stepanov, Konstantin"]
[Black "Chumanov, Valeriy"]
[Result "1/2-1/2"]
[WhiteElo "1918"]
[BlackElo "2309"]
[PlyCount "102"]
[EventDate "2014.10.01"]
[EventType "tourn (corr)"]
[EventRounds "6"]
[EventCountry "GER"]
[SourceTitle "Corr 2022"]
[Source "ChessBase"]
[SourceDate "2021.10.24"]
[SourceVersion "1"]
[SourceVersionDate "2021.10.24"]
[SourceQuality "1"]

1. d4 Nf6 2. c4 g6 3. g3 Bg7 4. Bg2 d5 5. cxd5 Nxd5 6. e4 Nb6 7. Ne2 c5 8. d5 e6 9. 0-0 0-0 10. Nec3 exd5 11. exd5 Bf5 12. g4 Bd7 13. Nd2 Qc8 14. h3 f5 15. g5 Na6 16. a4 f4 17. Kh2 Qc7 18. Bf3 Rad8 19. a5 Nc8 20. Nde4 Bf5 21. Ra4 Kh8 22. Qb3 Nd6 23. Nxd6 Qxd6 24. Ne4 Qxd5 25. Qxd5 Rxd5 26. Nf6 Rd3 27. Rxf4 Nc7 28. Re1 Ne6 29. Rxf5 Nd4 30. Nd7 Nxf3+ 31. Rxf3 Rxd7 32. Rxf8+ Bxf8 33. Re8 Kg7 34. Ra8 a6 35. Be3 Bd6+ 36. Kg2 Kf7 37. Kf3 Ke6 38. Ke4 c4 39. Re8+ Re7 40. Rxe7+ Bxe7 41. Bd2 Bc5 42. f3 b5 43. axb6 Bxb6 44. Bc3 a5 45. Bd4 Bd8 46. Bc3 a4 47. Kd4 Bxg5 48. Kxc4 Kf5 49. Kb5 Be3 50. Kxa4 g5 51. Be1 Kf4 1/2-1/2

[Event "RB-2014-0-00254"]
[Site "LSS email"]
[Date "2014.08.02"]
[Round "?"]
[White "Hursky, Karel"]
[Black "Stepanov, Konstantin"]
[Result "1/2-1/2"]
[WhiteElo "1829"]
[BlackElo "1959"]
[PlyCount "59"]
[EventDate "2014.06.13"]
[EventType "tourn (corr)"]
[EventRounds "6"]
[EventCountry "GER"]
[SourceTitle "Corr 2022"]
[Source "ChessBase"]
[SourceDate "2021.10.24"]
[SourceVersion "1"]
[SourceVersionDate "2021.10.24"]
[SourceQuality "1"]

1. d4 Nf6 2. c4 g6 3. g3 Bg7 4. Bg2 0-0 5. Nf3 d6 6. Nc3 c6 7. 0-0 Qa5 8. h3 Qa6 9. b3 b5 10. Nd2 Bb7 11. Bb2 Nbd7 12. cxb5 cxb5 13. e4 Qb6 14. Qe2 Ba6 15. Nd1 Rac8 16. Ne3 e5 17. Qd3 Rfe8 18. Rfd1 exd4 19. Qxd4 Qb8 20. Rab1 Ne5 21. Nf3 Bb7 22. Nxe5 dxe5 23. Qd3 a6 24. Rbc1 Rcd8 25. Qc2 Bh6 26. Rxd8 Rxd8 27. Re1 Bf8 28. Rd1 Rxd1+ 29. Nxd1 Bb4 30. a3 1/2-1/2

[Event "RB-2014-0-00254"]
[Site "LSS email"]
[Date "2014.07.31"]
[Round "?"]
[White "Pott, Brian"]
[Black "Stepanov, Konstantin"]
[Result "0-1"]
[WhiteElo "1786"]
[BlackElo "1959"]
[PlyCount "110"]
[EventDate "2014.06.13"]
[EventType "tourn (corr)"]
[EventRounds "6"]
[EventCountry "GER"]
[SourceTitle "Corr 2022"]
[Source "ChessBase"]
[SourceDate "2021.10.24"]
[SourceVersion "1"]
[SourceVersionDate "2021.10.24"]
[SourceQuality "1"]

1. e4 c5 2. Nf3 d6 3. d4 cxd4 4. Nxd4 Nf6 5. Nc3 a6 6. Bg5 e6 7. f4 Qb6 8. Nb3 Be7 9. Be2 Nbd7 10. Qd2 Qc7 11. Bf3 h6 12. Bxf6 Nxf6 13. 0-0-0 Rb8 14. Kb1 b5 15. a3 b4 16. axb4 Rxb4 17. Rhe1 0-0 18. Nd5 Nxd5 19. exd5 Rb6 20. dxe6 Bxe6 21. Bd5 Bg4 22. Rc1 Bf6 23. h3 Bd7 24. g4 Bc6 25. g5 Bxd5 26. Qxd5 Rb5 27. Qd3 hxg5 28. fxg5 Rxg5 29. Qxa6 Rc8 30. Re2 Rg3 31. Rce1 Rxh3 32. Re8+ Rxe8 33. Rxe8+ Kh7 34. Qf1 Qd7 35. Re1 Rh5 36. Nc1 Qc6 37. Nd3 Kg8 38. Nb4 Qa4 39. c3 Ra5 40. Qe2 Re5 41. Qd2 Rxe1+ 42. Qxe1 g5 43. Qd2 Qd7 44. Kc2 g4 45. Nd5 Qf5+ 46. Qd3 Qf2+ 47. Qd2 Qh4 48. Nxf6+ Qxf6 49. Qg2 Qe6 50. Kd3 f5 51. b4 f4 52. Qe4 Qxe4+ 53. Kxe4 g3 54. Kf3 Kf7 55. c4 Ke7 0-1

[Event "RB-2014-0-00247"]
[Site "LSS email"]
[Date "2014.05.18"]
[Round "?"]
[White "Pilgram, Kurt"]
[Black "Stepanov, Konstantin"]
[Result "1/2-1/2"]
[WhiteElo "1958"]
[BlackElo "2016"]
[PlyCount "73"]
[EventDate "2014.03.24"]
[EventType "tourn (corr)"]
[EventRounds "6"]
[EventCountry "GER"]
[SourceTitle "Corr 2022"]
[Source "ChessBase"]
[SourceDate "2021.10.24"]
[SourceVersion "1"]
[SourceVersionDate "2021.10.24"]
[SourceQuality "1"]

1. d4 d5 2. c4 c6 3. Nf3 Nf6 4. Nc3 e6 5. e3 Nbd7 6. Qc2 Bd6 7. Bd3 dxc4 8. Bxc4 0-0 9. 0-0 b5 10. Be2 a6 11. Rd1 Qc7 12. Bd2 Bb7 13. b4 e5 14. Rac1 Rfe8 15. a3 exd4 16. exd4 Qb8 17. Bd3 a5 18. Qb1 axb4 19. axb4 h6 20. Ne4 Nxe4 21. Bxe4 Nf6 22. Bxc6 Re6 23. Bxb7 Qxb7 24. Qd3 Qd5 25. Ra1 Rxa1 26. Rxa1 Ne4 27. Be1 Re8 28. h3 Rc8 29. Qe3 Re8 30. Qa3 Qc4 31. Qa2 Ng5 32. Qxc4 Nxf3+ 33. gxf3 bxc4 34. Kf1 Kf8 35. b5 Rb8 36. Rb1 Bc7 37. Bb4+ 1/2-1/2

[Event "RB-2014-0-00247"]
[Site "LSS email"]
[Date "2014.05.18"]
[Round "?"]
[White "Stepanov, Konstantin"]
[Black "Ederer, Karel"]
[Result "0-1"]
[WhiteElo "2016"]
[BlackElo "2148"]
[PlyCount "66"]
[EventDate "2014.03.24"]
[EventType "tourn (corr)"]
[EventRounds "6"]
[EventCountry "GER"]
[SourceTitle "Corr 2022"]
[Source "ChessBase"]
[SourceDate "2021.10.24"]
[SourceVersion "1"]
[SourceVersionDate "2021.10.24"]
[SourceQuality "1"]

1. e4 e5 2. Nf3 Nc6 3. Bb5 a6 4. Ba4 Nf6 5. 0-0 Be7 6. d3 b5 7. Bb3 d6 8. c3 Na5 9. Bc2 c5 10. Re1 0-0 11. Nbd2 Nc6 12. Nf1 h6 13. Ng3 Be6 14. h3 Re8 15. Nh2 Qd7 16. Bb3 Rad8 17. Bxe6 Qxe6 18. Nf5 d5 19. Qf3 Bf8 20. a4 d4 21. axb5 axb5 22. Ra6 Kh8 23. Ng4 Nd7 24. Qg3 Ra8 25. Rxa8 Rxa8 26. f4 Ra1 27. Kh2 Kh7 28. Nxg7 Bxg7 29. f5 Qe7 30. Bg5 Qxg5 31. Rxa1 h5 32. Nf2 Qd2 33. Qf3 Nf6 0-1

[Event "RB-2014-0-00242"]
[Site "LSS email"]
[Date "2014.03.18"]
[Round "?"]
[White "Hoehne, Volkmar"]
[Black "Stepanov, Konstantin"]
[Result "1-0"]
[WhiteElo "1979"]
[BlackElo "2016"]
[PlyCount "109"]
[EventDate "2014.01.18"]
[EventType "tourn (corr)"]
[EventRounds "6"]
[EventCountry "GER"]
[SourceTitle "Corr 2022"]
[Source "ChessBase"]
[SourceDate "2021.10.24"]
[SourceVersion "1"]
[SourceVersionDate "2021.10.24"]
[SourceQuality "1"]

1. e4 e5 2. Nf3 Nc6 3. Bb5 Nf6 4. 0-0 d6 5. d4 Bd7 6. Nc3 exd4 7. Nxd4 Be7 8. Bxc6 bxc6 9. Qf3 0-0 10. h3 Re8 11. b3 h6 12. Re1 Nh7 13. e5 d5 14. Qg3 Kh8 15. Bb2 a5 16. Rad1 Bf8 17. h4 c5 18. Nf3 d4 19. Ne2 a4 20. c3 axb3 21. axb3 dxc3 22. Bxc3 Qc8 23. Nd2 Bf5 24. Nf4 Rb8 25. Rc1 Kg8 26. Bb2 Be6 27. Re3 Rd8 28. Nxe6 Qxe6 29. Nc4 Ra8 30. f4 Qf5 31. Rce1 Ra6 32. Qh3 Qxh3 33. Rxh3 Be7 34. h5 Nf8 35. f5 Rd5 36. Rf3 Nh7 37. Rff1 Rd3 38. Re3 Rd5 39. Bc3 Ra2 40. Rf2 Rd1+ 41. Re1 Rxe1+ 42. Bxe1 Ra1 43. Rf1 Ra7 44. Na5 Ra8 45. Kf2 Bh4+ 46. g3 Be7 47. Bc3 Ra6 48. Rd1 Ng5 49. Ke3 Kf8 50. Nc4 Ke8 51. Ra1 Rxa1 52. Bxa1 Bf8 53. Bc3 Kd7 54. Nd2 Kc6 55. Ne4 1-0

[Event "RB-2014-0-00242"]
[Site "LSS email"]
[Date "2014.03.17"]
[Round "?"]
[White "Stepanov, Konstantin"]
[Black "Lelito, Jerzy"]
[Result "1/2-1/2"]
[WhiteElo "2016"]
[BlackElo "1863"]
[PlyCount "32"]
[EventDate "2014.01.18"]
[EventType "tourn (corr)"]
[EventRounds "6"]
[EventCountry "GER"]
[SourceTitle "Corr 2022"]
[Source "ChessBase"]
[SourceDate "2021.10.24"]
[SourceVersion "1"]
[SourceVersionDate "2021.10.24"]
[SourceQuality "1"]

1. d4 d5 2. c4 e6 3. Nc3 Nf6 4. Nf3 Be7 5. Bf4 0-0 6. e3 c5 7. dxc5 Bxc5 8. Qc2 Nc6 9. a3 Qa5 10. Rd1 Be7 11. Be2 Ne4 12. cxd5 Nxc3 13. Qxc3 Qxc3+ 14. bxc3 exd5 15. Rxd5 Bxa3 16. Nd4 a5 1/2-1/2

[Event "CFriend AC-2005-Q-00007 email"]
[Site "Chessfriend.com"]
[Date "2005.07.22"]
[Round "1"]
[White "Nepustil, Frantisek"]
[Black "Stepanov, Konstantin"]
[Result "1-0"]
[WhiteElo "2376"]
[BlackElo "2314"]
[PlyCount "97"]
[EventDate "2005.??.??"]
[EventType "tourn (corr)"]
[EventRounds "6"]
[SourceTitle "Corr 2024"]
[Source "ChessBase"]
[SourceDate "2023.10.19"]
[SourceVersion "1"]
[SourceVersionDate "2023.10.19"]
[SourceQuality "1"]

1. e4 c5 2. d4 cxd4 3. c3 Nf6 4. e5 Nd5 5. cxd4 d6 6. Nf3 Nc6 7. Bc4 Nb6 8. Bxf7+ Kxf7 9. e6+ Kg8 10. d5 Nb4 11. Nc3 h6 12. Be3 N6xd5 13. Nxd5 Qa5 14. Nc3 Bxe6 15. 0-0 Bf7 16. Nd4 e5 17. Nf5 d5 18. Qg4 Kh7 19. Nh4 d4 20. Ne4 Qb6 21. Bd2 Qe6 22. Qg3 Re8 23. Rae1 Qc6 24. f4 Nc2 25. Qd3 Kg8 26. Rc1 Bd5 27. Ng3 e4 28. Qxc2 Qxc2 29. Rxc2 e3 30. Bxe3 dxe3 31. Ng6 Rh7 32. a3 h5 33. Nxf8 Rxf8 34. Rc3 g6 35. Rxe3 Rhf7 36. Rd1 Bc4 37. f5 h4 38. fxg6 Rf2 39. Re4 hxg3 40. Rxc4 Rxb2 41. h4 Rff2 42. Rd8+ Kg7 43. Rc7+ Kxg6 44. Rg8+ Kh6 45. Rxg3 Rf4 46. Rd3 Rg4 47. Rd6+ Rg6 48. Rxg6+ Kxg6 49. Kh2 1-0

[Event "CFriend AR-2004-F-00003 email"]
[Site "Chessfriend.com"]
[Date "2005.07.08"]
[Round "1"]
[White "Scheuermann, Bernhard"]
[Black "Stepanov, Konstantin"]
[Result "1/2-1/2"]
[WhiteElo "2279"]
[BlackElo "2314"]
[PlyCount "48"]
[EventDate "2005.??.??"]
[EventType "tourn (corr)"]
[EventRounds "6"]
[SourceTitle "Corr 2024"]
[Source "ChessBase"]
[SourceDate "2023.10.19"]
[SourceVersion "1"]
[SourceVersionDate "2023.10.19"]
[SourceQuality "1"]

1. e4 c5 2. Nf3 Nc6 3. Nc3 e6 4. d4 cxd4 5. Nxd4 Qc7 6. Be2 a6 7. 0-0 Nf6 8. Be3 Bb4 9. Na4 Bd6 10. g3 b5 11. Nb6 Rb8 12. Nxc8 Rxc8 13. c4 b4 14. c5 Bxc5 15. Nxe6 fxe6 16. Bxc5 Nxe4 17. Bxa6 Ra8 18. Bb5 Ra5 19. a4 bxa3 20. Bxc6 Qxc6 21. Qh5+ g6 22. Qe5 Rg8 23. Qb8+ Kf7 24. Qf4+ Ke8 1/2-1/2

[Event "CFriend AR-2004-F-00003 email"]
[Site "Chessfriend.com"]
[Date "2005.07.08"]
[Round "1"]
[White "Stepanov, Konstantin"]
[Black "Nowak, Zdzislaw"]
[Result "0-1"]
[WhiteElo "2314"]
[BlackElo "2349"]
[PlyCount "70"]
[EventDate "2005.??.??"]
[EventType "tourn (corr)"]
[EventRounds "6"]
[SourceTitle "Corr 2024"]
[Source "ChessBase"]
[SourceDate "2023.10.19"]
[SourceVersion "1"]
[SourceVersionDate "2023.10.19"]
[SourceQuality "1"]

1. d4 Nf6 2. c4 e6 3. Nc3 Bb4 4. e3 0-0 5. a3 Bxc3+ 6. bxc3 d6 7. Bd3 e5 8. e4 Re8 9. f3 Nfd7 10. Ne2 Qh4+ 11. Ng3 Nc6 12. Be3 f5 13. Bf2 f4 14. Ne2 Qg5 15. g4 Na5 16. Qa4 b6 17. h4 Qe7 18. h5 Ba6 19. Nc1 exd4 20. cxd4 c5 21. Nb3 cxd4 22. Bxd4 Ne5 23. Be2 d5 24. Nxa5 dxe4 25. 0-0 bxa5 26. Qxa5 exf3 27. Qd5+ Nf7 28. Bxf3 Rad8 29. Qc5 Qxc5 30. Bxc5 Bxc4 31. Rf2 Ng5 32. Kg2 Rd3 33. Rc1 Rxf3 34. Rxc4 Rg3+ 35. Kf1 f3 0-1

[Event "CFriend AR-2004-F-00003 email"]
[Site "Chessfriend.com"]
[Date "2005.07.08"]
[Round "1"]
[White "Suhorukow, Anatoliy"]
[Black "Stepanov, Konstantin"]
[Result "1-0"]
[WhiteElo "2279"]
[BlackElo "2314"]
[PlyCount "93"]
[EventDate "2005.??.??"]
[EventType "tourn (corr)"]
[EventRounds "6"]
[SourceTitle "Corr 2024"]
[Source "ChessBase"]
[SourceDate "2023.10.19"]
[SourceVersion "1"]
[SourceVersionDate "2023.10.19"]
[SourceQuality "1"]

1. e4 c5 2. Nc3 e6 3. Nf3 Nc6 4. d4 cxd4 5. Nxd4 Qc7 6. Be3 a6 7. Bd3 Nf6 8. 0-0 Ne5 9. Be2 b5 10. f4 Nc4 11. Bxc4 Qxc4 12. e5 Nd5 13. Nxd5 Qxd5 14. Qe2 Bb7 15. Rad1 Qe4 16. Qf2 g6 17. c3 Rc8 18. Nc2 Qc4 19. a3 Be7 20. Bb6 h5 21. Rd2 h4 22. h3 Rc6 23. Ne3 Qb3 24. Ng4 Rc8 25. Ba5 Bd5 26. Bb4 Bd8 27. Nf6+ Bxf6 28. exf6 Qc4 29. Re1 Rh5 30. Rd4 Qc7 31. Qd2 a5 32. Rxd5 Rxd5 33. Qxd5 axb4 34. axb4 Qxf4 35. Qxb5 Qxf6 36. Rd1 Qe7 37. c4 Qd8 38. c5 Rc7 39. Qc4 Qg5 40. Qd4 f6 41. c6 Qd5 42. Qg4 Qf5 43. Qxh4 Qh5 44. Qd4 Qd5 45. Qg4 Qf5 46. Qxf5 exf5 47. cxd7+ 1-0